UBT Library

Workouts for dummies / (Record no. 40894)

000 -LEADER
fixed length control field 00722cam a22002534a 4500
001 - CONTROL NUMBER
control field 3091865
005 - DATE AND TIME OF LATEST TRANSACTION
control field 20180125034351.0
008 - FIXED-LENGTH DATA ELEMENTS--GENERAL INFORMATION
fixed length control field 981019s1998 caua 001 0 eng c
010 ## - LIBRARY OF CONGRESS CONTROL NUMBER
LC control number 98088737
020 ## - INTERNATIONAL STANDARD BOOK NUMBER
International Standard Book Number 0764551248
035 ## - SYSTEM CONTROL NUMBER
System control number (DLC) 98088737
035 ## - SYSTEM CONTROL NUMBER
System control number (OCoLC)40535930
040 ## - CATALOGING SOURCE
Original cataloging agency OCl
Transcribing agency OCl
Modifying agency CoD
-- DLC
041 ## - LANGUAGE CODE
Language code of text/sound track or separate title eng
042 ## - AUTHENTICATION CODE
Authentication code pcc
080 ## - UNIVERSAL DECIMAL CLASSIFICATION NUMBER
Universal Decimal Classification number 615.83 tam
100 1# - Rafti
Rafti 5
101 ## - Shkurtesa
Shkurtesa ekz
245 10 - TITLE STATEMENT
Title Workouts for dummies /
Statement of responsibility, etc by Tamilee Webb with Lori Seeger.
906 ## - LOCAL DATA ELEMENT F, LDF (RLIN)
a 7
b cbc
c pccadap
d 2
e opcn
f 19
g y-gencatlg
942 ## - ADDED ENTRY ELEMENTS (KOHA)
Source of classification or shelving scheme
Item type Books
Holdings
Withdrawn status Lost status Source of classification or shelving scheme Damaged status Not for loan Collection code Permanent location Current location Shelving location Date acquired Total Checkouts Full call number Barcode Date last seen Price effective from Koha item type
          Koleksioni i përgjithshem UBT - Lipjan UBT - Lipjan Koleksioni i përgjithshem 01/25/2018   615.83 tam 002-2996497 01/25/2018 01/25/2018 Books
UBT Library © 2015-2024. All rights reserved University Education for Business and Technology